[Event "Barbera del Valles op 34th"]
[Site "Barbera del Valles"]
[Date "2011.07.09"]
[Round "6"]
[White "Amrutha, Mokal"]
[Black "Losada Carrera, Francisco Javier"]
[Result "1/2-1/2"]
[WhiteElo "2042"]
[BlackElo "2231"]
[PlyCount "58"]
[EventDate "2011.07.04"]
[EventType "swiss"]
[EventRounds "9"]
[EventCountry "ESP"]
[SourceTitle "CBM 143 Extra"]
[Source "ChessBase"]
[SourceDate "2011.08.29"]
[SourceVersion "1"]
[SourceVersionDate "2011.08.29"]
[SourceQuality "1"]

1. e4 c5 2. Nf3 d6 3. d4 cxd4 4. Nxd4 Nf6 5. Nc3 a6 6. Be2 e5 7. Nb3 Be7 8. Bg5 Nbd7 9. a4 b6 10. Bc4 Bb7 11. Qe2 0-0 12. 0-0 Qc7 13. Rfd1 h6 14. Bxf6 Nxf6 15. Nd5 Nxd5 16. Bxd5 Rac8 17. Bxb7 Qxb7 18. c4 f5 19. exf5 Rxf5 20. Nd2 Rf4 21. b3 Rcf8 22. f3 d5 23. Qxe5 Bc5+ 24. Kh1 dxc4 25. Qe6+ Kh8 26. bxc4 R4f6 27. Qd5 Qc7 28. Ne4 Rf5 29. Qe6 Qf4 1/2-1/2

[Event "Barbera del Valles op 34th"]
[Site "Barbera del Valles"]
[Date "2011.07.07"]
[Round "4"]
[White "Rosich Valles, Alfredo"]
[Black "Amrutha, Mokal"]
[Result "1-0"]
[WhiteElo "2374"]
[BlackElo "2042"]
[PlyCount "95"]
[EventDate "2011.07.04"]
[EventType "swiss"]
[EventRounds "9"]
[EventCountry "ESP"]
[SourceTitle "CBM 143 Extra"]
[Source "ChessBase"]
[SourceDate "2011.08.29"]
[SourceVersion "1"]
[SourceVersionDate "2011.08.29"]
[SourceQuality "1"]

1. d4 Nf6 2. c4 e6 3. Nc3 Bb4 4. Qc2 c5 5. dxc5 Bxc5 6. Nf3 Qb6 7. e3 Qc7 8. Bd2 b6 9. Nb5 Qd8 10. b4 Be7 11. Bd3 a6 12. Nbd4 Qc7 13. 0-0 Bb7 14. e4 d6 15. Rfe1 Nbd7 16. a4 Rc8 17. a5 bxa5 18. Rxa5 0-0 19. Raa1 Ng4 20. Rac1 Qb8 21. Bf1 Bd8 22. h3 Nge5 23. Nxe5 Nxe5 24. Qb2 Bb6 25. Nb3 f5 26. c5 Bc7 27. exf5 Rxf5 28. Nd4 Rf6 29. c6 Ba8 30. Bxa6 Rcf8 31. Be3 Bb6 32. Bf1 Rg6 33. b5 Bxd4 34. Bxd4 Nf3+ 35. Kh1 Nxe1 36. Rxe1 e5 37. Qa2+ Kh8 38. Ba7 Qc8 39. Rc1 Rf4 40. Be3 Rh4 41. Qd5 e4 42. Ra1 h6 43. Qf7 Kh7 44. Qd7 Qf8 45. Ra7 d5 46. Qxd5 Qb4 47. Rxa8 Qe1 48. Qg8# 1-0

[Event "IND-ch (Women) 37th"]
[Site "Bhubaneswar"]
[Date "2011.01.01"]
[Round "7"]
[White "Preethi, Rajkumar"]
[Black "Amrutha, Mokal"]
[Result "0-1"]
[WhiteElo "2073"]
[BlackElo "2089"]
[PlyCount "114"]
[EventDate "2010.12.25"]
[EventType "swiss"]
[EventRounds "11"]
[EventCountry "IND"]
[SourceTitle "CBM 140 Extra"]
[Source "ChessBase"]
[SourceDate "2011.03.01"]
[SourceVersion "1"]
[SourceVersionDate "2011.03.01"]
[SourceQuality "1"]

1. e4 c5 2. Nf3 e6 3. d4 cxd4 4. Nxd4 a6 5. Nc3 Qc7 6. Bd3 Nf6 7. 0-0 Bc5 8. Nb3 Ba7 9. Qe2 d6 10. Be3 Bxe3 11. Qxe3 Nbd7 12. f4 0-0 13. Rae1 g6 14. Kh1 b5 15. a3 Bb7 16. f5 Ne5 17. Qh3 Rae8 18. Qh4 Kg7 19. Re3 Qe7 20. Rh3 h5 21. Qf4 exf5 22. exf5 Neg4 23. Rg3 Qe5 24. Qxe5 Nxe5 25. Nd4 h4 26. Rh3 g5 27. Kg1 Rh8 28. g3 Nxd3 29. cxd3 Re3 30. Rd1 hxg3 31. Rxg3 Rxg3+ 32. hxg3 Rh1+ 33. Kf2 Rh2+ 34. Ke1 Rxb2 35. Rd2 Rxd2 36. Kxd2 Nh5 37. Nce2 g4 38. Nc2 Kf6 39. Ne3 Kg5 40. Ke1 Bf3 41. Nd4 Nxg3 42. Nxf3+ gxf3 43. Kf2 Nxf5 44. Nc2 Kf4 45. Nb4 Ne3 46. d4 Ng4+ 47. Kf1 Kg3 48. Nd3 a5 49. d5 f5 50. Nc1 Nh2+ 51. Ke1 f2+ 52. Kd2 f1Q 53. Ne2+ Kf2 54. Nd4 Nf3+ 55. Kc3 Qc4+ 56. Kb2 Nxd4 57. Ka1 Qb3 0-1

[Event "IND-ch (Women) 37th"]
[Site "Bhubaneswar"]
[Date "2010.12.28"]
[Round "4"]
[White "Nivedhitha, JG."]
[Black "Amrutha, Mokal"]
[Result "0-1"]
[WhiteElo "1819"]
[BlackElo "2089"]
[PlyCount "98"]
[EventDate "2010.12.25"]
[EventType "swiss"]
[EventRounds "11"]
[EventCountry "IND"]
[SourceTitle "CBM 140 Extra"]
[Source "ChessBase"]
[SourceDate "2011.03.01"]
[SourceVersion "1"]
[SourceVersionDate "2011.03.01"]
[SourceQuality "1"]

1. e4 c5 2. Nf3 e6 3. d4 cxd4 4. Nxd4 a6 5. Nc3 Qc7 6. g3 Nf6 7. Bg2 Be7 8. 0-0 d6 9. Be3 Nbd7 10. Re1 Ne5 11. Rb1 0-0 12. f4 Neg4 13. Kh1 Nxe3 14. Rxe3 Rd8 15. Qe2 Bf8 16. Nb3 Rb8 17. e5 dxe5 18. fxe5 Nd7 19. Rf1 b5 20. Qh5 g6 21. Qe2 Bg7 22. Re1 b4 23. Nd1 Nxe5 24. c3 a5 25. Nf2 Nc4 26. Re4 Nd6 27. Re3 Nc4 28. Re4 Nd6 29. Re3 a4 30. Nd4 Bb7 31. Nf3 Nc4 32. Rd3 bxc3 33. bxc3 Bd5 34. Rc1 Rb2 35. Rc2 Rdb8 36. Kg1 a3 37. Nd4 Bxg2 38. Kxg2 Bxd4 39. Nd1 Rxc2 40. Qxc2 Ne3+ 41. Nxe3 Rb2 42. Rxd4 Rxc2+ 43. Nxc2 Qxc3 44. Rd8+ Kg7 45. Nd4 Qb2+ 46. Kf3 Qxa2 47. g4 Qb2 48. g5 a2 49. Rd7 Qb6 0-1

[Event "IND-ch (Women) 37th"]
[Site "Bhubaneswar"]
[Date "2010.12.27"]
[Round "3"]
[White "Amrutha, Mokal"]
[Black "Shweta, Gole"]
[Result "0-1"]
[WhiteElo "2089"]
[BlackElo "1906"]
[PlyCount "116"]
[EventDate "2010.12.25"]
[EventType "swiss"]
[EventRounds "11"]
[EventCountry "IND"]
[SourceTitle "CBM 140 Extra"]
[Source "ChessBase"]
[SourceDate "2011.03.01"]
[SourceVersion "1"]
[SourceVersionDate "2011.03.01"]
[SourceQuality "1"]

1. e4 c5 2. Nf3 d6 3. d4 cxd4 4. Nxd4 Nf6 5. Nc3 a6 6. g3 g6 7. Bg2 Bg7 8. 0-0 0-0 9. a4 Bg4 10. f3 Bd7 11. a5 Qc7 12. Be3 Nc6 13. Nxc6 bxc6 14. Na4 c5 15. e5 dxe5 16. Nxc5 Bb5 17. Rf2 Rad8 18. Rd2 Rxd2 19. Qxd2 Rd8 20. Qe1 Nd5 21. Bf2 Qc8 22. Rc1 Bc6 23. c4 Nc7 24. b4 Qf5 25. Ne4 Qd7 26. Bb6 Bxe4 27. fxe4 Bh6 28. Rc2 Rc8 29. Qe2 Qa4 30. Bh3 e6 31. b5 Nxb5 32. Qd3 Nd4 33. Bxd4 exd4 34. Bf1 Be3+ 35. Kg2 Qxa5 36. c5 Rxc5 37. Rxc5 Qxc5 38. Qxa6 Qc2+ 39. Kh3 Qxe4 40. Qb5 h5 41. Be2 Kg7 42. Bd3 Qf3 43. Be2 Qf6 44. Qd3 e5 45. Qe4 Kh6 46. Qf3 Qxf3 47. Bxf3 f5 48. Kg2 e4 49. Bd1 d3 50. h4 g5 51. hxg5+ Kxg5 52. Kf1 h4 53. gxh4+ Kxh4 54. Ke1 f4 55. Bb3 Kg5 56. Bd5 Kf5 57. Bb3 Bb6 58. Bc4 Ke5 0-1

[Event "Sydney op-A"]
[Site "Parramatta"]
[Date "2009.04.19"]
[Round "9"]
[White "Lester, George E"]
[Black "Amrutha, Mokal"]
[Result "1/2-1/2"]
[WhiteElo "1801"]
[BlackElo "2155"]
[PlyCount "36"]
[EventDate "2009.04.15"]
[EventType "swiss"]
[EventRounds "9"]
[EventCountry "AUS"]
[SourceTitle "CBM 129 Extra"]
[Source "ChessBase"]
[SourceDate "2009.05.05"]
[SourceVersion "2"]
[SourceVersionDate "2009.05.20"]
[SourceQuality "1"]

1. d4 Nf6 2. c4 e6 3. Nc3 Bb4 4. e3 0-0 5. Nge2 d5 6. a3 Be7 7. cxd5 exd5 8. b4 Re8 9. Ng3 g6 10. Bd3 c6 11. 0-0 Bd6 12. b5 Ng4 13. Be2 h5 14. e4 Nxh2 15. Kxh2 h4 16. e5 hxg3+ 17. fxg3 Bf8 18. Be3 cxb5 1/2-1/2

[Event "Sydney op-A"]
[Site "Parramatta"]
[Date "2009.04.17"]
[Round "5"]
[White "Rathnakaran, Kantholi"]
[Black "Amrutha, Mokal"]
[Result "1-0"]
[WhiteElo "2427"]
[BlackElo "2155"]
[PlyCount "62"]
[EventDate "2009.04.15"]
[EventType "swiss"]
[EventRounds "9"]
[EventCountry "AUS"]
[SourceTitle "CBM 129 Extra"]
[Source "ChessBase"]
[SourceDate "2009.05.05"]
[SourceVersion "2"]
[SourceVersionDate "2009.05.20"]
[SourceQuality "1"]

1. e4 c5 2. Nf3 e6 3. d3 Nc6 4. g3 g6 5. Bg2 Bg7 6. 0-0 Nge7 7. c3 0-0 8. Be3 d6 9. Qd2 e5 10. Bh6 f5 11. Bxg7 Kxg7 12. exf5 gxf5 13. Re1 Ng6 14. b4 f4 15. Qb2 cxb4 16. cxb4 Qb6 17. a3 Bg4 18. Nbd2 Rae8 19. b5 Nd8 20. d4 Bxf3 21. Nxf3 e4 22. d5+ Kg8 23. Nd4 f3 24. Bh3 Re5 25. Rac1 Ne7 26. Ne6 Nxe6 27. Bxe6+ Rxe6 28. dxe6 d5 29. Qe5 Rf5 30. Rc8+ Nxc8 31. Qxf5 Qd8 1-0

[Event "Sydney op-A"]
[Site "Parramatta"]
[Date "2009.04.16"]
[Round "3"]
[White "Tan, Kevin1111"]
[Black "Amrutha, Mokal"]
[Result "1/2-1/2"]
[WhiteElo "1956"]
[BlackElo "2155"]
[PlyCount "47"]
[EventDate "2009.04.15"]
[EventType "swiss"]
[EventRounds "9"]
[EventCountry "AUS"]
[SourceTitle "CBM 129 Extra"]
[Source "ChessBase"]
[SourceDate "2009.05.05"]
[SourceVersion "2"]
[SourceVersionDate "2009.05.20"]
[SourceQuality "1"]

1. d4 Nf6 2. c4 e6 3. Nc3 Bb4 4. Nf3 c5 5. g3 Nc6 6. Bg2 Ne4 7. Bd2 Bxc3 8. Bxc3 cxd4 9. Nxd4 Nxc3 10. bxc3 Qa5 11. 0-0 0-0 12. Qb3 a6 13. Nxc6 bxc6 14. Qb4 Qe5 15. e3 a5 16. Qa4 Ba6 17. Rfc1 Rab8 18. Rc2 Rb7 19. Rac1 Rfb8 20. Bf1 Qc5 21. Be2 h5 22. h4 Qf5 23. Qa3 Qe5 24. Qe7 1/2-1/2

[Event "Doeberl Cup 47th"]
[Site "Canberra"]
[Date "2009.04.12"]
[Round "8"]
[White "Tan, Justin Hy"]
[Black "Amrutha, Mokal"]
[Result "1/2-1/2"]
[WhiteElo "2281"]
[BlackElo "2155"]
[PlyCount "155"]
[EventDate "2009.04.09"]
[EventType "swiss"]
[EventRounds "9"]
[EventCountry "AUS"]
[SourceTitle "CBM 129 Extra"]
[Source "ChessBase"]
[SourceDate "2009.05.05"]
[SourceVersion "2"]
[SourceVersionDate "2009.05.20"]
[SourceQuality "1"]

1. e4 c5 2. Nf3 e6 3. d4 cxd4 4. Nxd4 a6 5. Bd3 Nf6 6. 0-0 Qc7 7. Qe2 d6 8. c4 g6 9. Nc3 Bg7 10. Be3 0-0 11. Rac1 b6 12. b4 Nbd7 13. f4 Bb7 14. Nb3 Rac8 15. Bd4 e5 16. Be3 exf4 17. Bxf4 Qb8 18. Nd5 Rfe8 19. Qf3 Bxd5 20. cxd5 b5 21. Na5 Ne5 22. Bxe5 dxe5 23. Nc6 Qd6 24. Qf2 Bh6 25. Rc2 Kg7 26. Qc5 Qxc5+ 27. bxc5 Be3+ 28. Kh1 Nd7 29. Rf3 Bxc5 30. a4 bxa4 31. Bxa6 Ra8 32. Bb7 a3 33. Bxa8 Rxa8 34. Ra2 Ra4 35. h3 Rxe4 36. Raxa3 Bxa3 37. Rxa3 Re1+ 38. Kh2 Rd1 39. Nb4 Rd4 40. Ra7 Nf6 41. Rb7 Nxd5 42. Nc6 Re4 43. Rb5 Nf4 44. Rxe5 Rc4 45. Na5 Rc2 46. Rg5 h6 47. Rg3 g5 48. Nb3 Kg6 49. Nd4 Ra2 50. Nf3 f6 51. Ne1 Re2 52. Nd3 Nh5 53. Rg4 Rd2 54. Rd4 Kf5 55. Kg1 Ng3 56. Rd7 h5 57. Nc5 Rc2 58. Rd5+ Kf4 59. Ne6+ Ke3 60. Rd1 h4 61. Kh2 Ke2 62. Ra1 Kf2 63. Nd4 Rb2 64. Ra3 Nf1+ 65. Kh1 Ne3 66. Kh2 Rd2 67. Nb3 Nf1+ 68. Kh1 Rd1 69. Ra1 Rxa1 70. Nxa1 Ne3 71. Nb3 Nxg2 72. Nc5 f5 73. Ne6 g4 74. Nd4 Ne3 75. Nxf5 Nxf5 76. hxg4 Ne3 77. Kh2 Nxg4+ 78. Kh3 1/2-1/2

[Event "Doeberl Cup 47th"]
[Site "Canberra"]
[Date "2009.04.10"]
[Round "3"]
[White "Amrutha, Mokal"]
[Black "Stojic, Svetozar"]
[Result "1-0"]
[WhiteElo "2155"]
[BlackElo "1989"]
[PlyCount "93"]
[EventDate "2009.04.09"]
[EventType "swiss"]
[EventRounds "9"]
[EventCountry "AUS"]
[SourceTitle "CBM 129 Extra"]
[Source "ChessBase"]
[SourceDate "2009.05.05"]
[SourceVersion "2"]
[SourceVersionDate "2009.05.20"]
[SourceQuality "1"]

1. e4 c5 2. Nf3 Nf6 3. Nc3 d5 4. exd5 Nxd5 5. Bc4 e6 6. 0-0 Be7 7. d4 Nxc3 8. bxc3 Nd7 9. Bf4 0-0 10. Qe2 Nf6 11. Rfd1 Nd5 12. Bd2 b6 13. Bd3 Rb8 14. dxc5 Bxc5 15. c4 Nc7 16. Qe5 f6 17. Qh5 f5 18. Bf4 Qe7 19. Ne5 Bb7 20. Be2 Ne8 21. Nd7 Rc8 22. Nxf8 Qxf8 23. Be5 Nf6 24. Qh4 Ne4 25. Bd4 Bb4 26. Qh3 Ba6 27. a3 Be7 28. Qb3 Qf7 29. Qa4 Bb7 30. Qxa7 Bd8 31. Bxb6 Bf6 32. Bd4 e5 33. Bb2 Bh4 34. g3 Ng5 35. Qb6 Nh3+ 36. Kf1 Bf6 37. c5 h6 38. Rd6 Be4 39. f3 Bd5 40. Qb5 e4 41. Rxd5 Bxb2 42. Rad1 exf3 43. Bc4 Kh7 44. Qxb2 Ng5 45. Qd4 Qh5 46. Qh4 Qe8 47. Qf4 1-0

[Event "Doeberl Cup 47th"]
[Site "Canberra"]
[Date "2009.04.09"]
[Round "1"]
[White "Amrutha, Mokal"]
[Black "Sengupta, Deep"]
[Result "0-1"]
[WhiteElo "2155"]
[BlackElo "2466"]
[PlyCount "66"]
[EventDate "2009.04.09"]
[EventType "swiss"]
[EventRounds "9"]
[EventCountry "AUS"]
[SourceTitle "CBM 129 Extra"]
[Source "ChessBase"]
[SourceDate "2009.05.05"]
[SourceVersion "2"]
[SourceVersionDate "2009.05.20"]
[SourceQuality "1"]

1. e4 e6 2. d4 d5 3. e5 c5 4. c3 Nc6 5. Nf3 Bd7 6. a3 c4 7. b3 cxb3 8. Qxb3 Na5 9. Qc2 Rc8 10. Bd3 Ne7 11. a4 Nec6 12. Bg5 Qb6 13. Qd1 h6 14. Bd2 Nb3 15. Ra2 Nxd2 16. Qxd2 Nb4 17. a5 Nxd3+ 18. Qxd3 Qb3 19. Qc2 Qxc2 20. Rxc2 Bb4 21. a6 bxa6 22. Kd2 Be7 23. Ra2 Rc6 24. Na3 0-0 25. Rb1 Rb6 26. Rba1 Rc8 27. Ne1 Bg5+ 28. Kd3 a5 29. Nb1 a4 30. g3 Bb5+ 31. Kc2 Bc4 32. Rb2 Bb3+ 33. Kd3 Bc1 0-1

[Event "New Delhi Parsvnath op 7th"]
[Site "New Delhi"]
[Date "2009.01.18"]
[Round "9"]
[White "Arun, Karthik R"]
[Black "Amrutha, Mokal"]
[Result "1/2-1/2"]
[WhiteElo "2348"]
[BlackElo "2175"]
[PlyCount "58"]
[EventDate "2009.01.11"]
[EventType "swiss"]
[EventRounds "10"]
[EventCountry "IND"]
[SourceTitle "CBM 128 Extra"]
[Source "ChessBase"]
[SourceDate "2009.03.05"]
[SourceVersion "2"]
[SourceVersionDate "2009.03.25"]
[SourceQuality "1"]

1. e4 c5 2. Nf3 e6 3. d4 cxd4 4. Nxd4 a6 5. Bd3 Nf6 6. 0-0 Qc7 7. Qe2 d6 8. c4 g6 9. Nc3 Bg7 10. Nf3 Nbd7 11. h3 0-0 12. Bf4 Nh5 13. Bd2 b6 14. Rfd1 Bb7 15. Rac1 Rac8 16. g4 Nhf6 17. Bf4 Qb8 18. Bb1 e5 19. Bd2 Nc5 20. Nd5 Bxd5 21. cxd5 a5 22. b3 Qa7 23. Ne1 Qd7 24. f3 Ne8 25. Qe3 Nc7 26. a3 Nb5 27. b4 axb4 28. axb4 Na4 29. Rxc8 Rxc8 1/2-1/2

[Event "New Delhi Parsvnath op 7th"]
[Site "New Delhi"]
[Date "2009.01.17"]
[Round "8"]
[White "Amrutha, Mokal"]
[Black "Sangma, Rahul"]
[Result "1/2-1/2"]
[WhiteElo "2175"]
[BlackElo "2322"]
[PlyCount "141"]
[EventDate "2009.01.11"]
[EventType "swiss"]
[EventRounds "10"]
[EventCountry "IND"]
[SourceTitle "CBM 128 Extra"]
[Source "ChessBase"]
[SourceDate "2009.03.05"]
[SourceVersion "2"]
[SourceVersionDate "2009.03.25"]
[SourceQuality "1"]

1. e4 e5 2. Nf3 Nc6 3. d4 exd4 4. Nxd4 Qh4 5. Nb5 Bc5 6. Qe2 Nf6 7. g3 Qxe4 8. N1c3 Qxe2+ 9. Bxe2 Kd8 10. Bf4 Ne8 11. Ne4 Bb4+ 12. c3 Be7 13. 0-0-0 h6 14. g4 a6 15. Nd4 Nxd4 16. Rxd4 Nf6 17. Ng3 d6 18. f3 Be6 19. c4 Nd7 20. Ne4 f5 21. gxf5 Bxf5 22. Ng3 Bh7 23. h4 Rf8 24. Nh5 Nc5 25. Be3 Ne6 26. Rg4 g6 27. Re4 Kd7 28. Nf4 Nxf4 29. Rxf4 Bf6 30. Rg4 Rfe8 31. Kd2 h5 32. Rf4 Bg7 33. Rf7+ Re7 34. Rxe7+ Kxe7 35. Bd3 Rf8 36. Be4 b6 37. b3 Bf6 38. Bf2 Kf7 39. Rg1 Kg7 40. f4 Be5 41. f5 Kh8 42. fxg6 Rxf2+ 43. Ke3 Bg8 44. Kxf2 Bd4+ 45. Kg2 Bxg1 46. Kxg1 Kg7 47. Kf2 Kf6 48. Ke3 Be6 49. Kd4 c5+ 50. Ke3 Bd7 51. Kf4 b5 52. g7 Kxg7 53. Kg5 Bg4 54. Bb7 bxc4 55. bxc4 a5 56. Bd5 Kf8 57. Kf6 Ke8 58. Bc6+ Kd8 59. Bd5 Kd7 60. a3 Bd1 61. Kf7 Bc2 62. Kf6 Bd1 63. Kf7 Kc7 64. Ke7 Bc2 65. Ke6 Ba4 66. Bf3 Be8 67. Ke7 Bg6 68. Kf6 Be8 69. Ke7 Bg6 70. Kf6 Be8 71. Ke7 1/2-1/2

[Event "New Delhi Parsvnath op 7th"]
[Site "New Delhi"]
[Date "2009.01.16"]
[Round "7"]
[White "Debashis, Das"]
[Black "Amrutha, Mokal"]
[Result "1/2-1/2"]
[WhiteElo "2365"]
[BlackElo "2175"]
[PlyCount "65"]
[EventDate "2009.01.11"]
[EventType "swiss"]
[EventRounds "10"]
[EventCountry "IND"]
[SourceTitle "CBM 128 Extra"]
[Source "ChessBase"]
[SourceDate "2009.03.05"]
[SourceVersion "2"]
[SourceVersionDate "2009.03.25"]
[SourceQuality "1"]

1. d4 Nf6 2. c4 e6 3. Nf3 b6 4. g3 Ba6 5. Nbd2 d5 6. Bg2 Bd6 7. 0-0 0-0 8. Qc2 c5 9. e4 Be7 10. Rd1 Nc6 11. Qa4 Qc8 12. exd5 exd5 13. dxc5 dxc4 14. cxb6 axb6 15. Nf1 b5 16. Qc2 Nb4 17. Qe2 Bc5 18. Be3 Re8 19. Ne1 Bb7 20. a4 Bxg2 21. Nxg2 Bxe3 22. Ngxe3 Rxa4 23. Rxa4 bxa4 24. Qxc4 Qxc4 25. Nxc4 g6 26. Nfe3 Re6 27. Rd8+ Kg7 28. Ra8 Na6 29. Ra7 Nc5 30. Rc7 Nfd7 31. Kf1 f5 32. Nd5 Kh6 33. Nde3 1/2-1/2

[Event "IND-chA (Women) 35th"]
[Site "New Delhi"]
[Date "2008.12.27"]
[Round "10"]
[White "Amrutha, Mokal"]
[Black "Gomes, Mary Ann"]
[Result "0-1"]
[WhiteElo "2163"]
[BlackElo "2298"]
[PlyCount "70"]
[EventDate "2008.12.18"]
[EventType "tourn"]
[EventRounds "11"]
[EventCountry "IND"]
[EventCategory "2"]
[SourceTitle "CBM 127 Extra"]
[Source "ChessBase"]
[SourceDate "2009.01.08"]
[SourceVersion "2"]
[SourceVersionDate "2009.01.28"]
[SourceQuality "1"]

1. e4 e6 2. d4 d5 3. e5 c5 4. c3 Nc6 5. Nf3 Qb6 6. a3 Nh6 7. b4 cxd4 8. cxd4 Nf5 9. Bb2 Bd7 10. g4 Nfe7 11. Nc3 Na5 12. Qc2 Nc4 13. Bxc4 dxc4 14. Nd2 Rc8 15. Nce4 Nd5 16. Nxc4 Kd8 17. Qb3 Qa6 18. Ncd6 Bxd6 19. Nxd6 Ba4 20. b5 Qa5+ 21. Kf1 Qd2 22. Qf3 Qxb2 23. Kg2 Rc3 24. Rhb1 Rxf3 25. Rxb2 Rf4 26. Kg3 Ke7 27. Rd2 h5 28. h3 hxg4 29. hxg4 f5 30. f3 fxg4 31. fxg4 Rhf8 32. Rc1 Rf3+ 33. Kh4 g5+ 34. Kxg5 Rg8+ 35. Kh4 Rh8+ 0-1

[Event "IND-chA (Women) 35th"]
[Site "New Delhi"]
[Date "2008.12.23"]
[Round "6"]
[White "Amrutha, Mokal"]
[Black "Nadig, Kruttika"]
[Result "0-1"]
[WhiteElo "2163"]
[BlackElo "2387"]
[PlyCount "67"]
[EventDate "2008.12.18"]
[EventType "tourn"]
[EventRounds "11"]
[EventCountry "IND"]
[EventCategory "2"]
[SourceTitle "CBM 127 Extra"]
[Source "ChessBase"]
[SourceDate "2009.01.08"]
[SourceVersion "2"]
[SourceVersionDate "2009.01.28"]
[SourceQuality "1"]

1. e4 c5 2. Nf3 d6 3. d4 cxd4 4. Nxd4 Nf6 5. Nc3 g6 6. Be3 Bg7 7. f3 Nc6 8. Qd2 0-0 9. Bc4 Bd7 10. 0-0-0 Rc8 11. Bb3 Ne5 12. Kb1 a6 13. h4 h5 14. g4 hxg4 15. h5 Nxh5 16. Rdg1 Qa5 17. Bh6 Bf6 18. fxg4 Nxg4 19. Nf5 Bxf5 20. exf5 Qxf5 21. Rf1 Qd7 22. Bxf8 Rxf8 23. Nd5 Kg7 24. Qg2 Rh8 25. Nxe7 Ne3 26. Nf5+ Nxf5 27. Qg4 Qb5 28. Rfg1 Qe5 29. c3 Nfg3 30. Re1 Qf5+ 31. Qxf5 Nxf5 32. Bd5 b6 33. Kc2 Rd8 34. Rhf1 0-1

[Event "IND-chA (Women) 35th"]
[Site "New Delhi"]
[Date "2008.12.22"]
[Round "5"]
[White "Karavade, Eesha"]
[Black "Amrutha, Mokal"]
[Result "1/2-1/2"]
[WhiteElo "2386"]
[BlackElo "2163"]
[PlyCount "43"]
[EventDate "2008.12.18"]
[EventType "tourn"]
[EventRounds "11"]
[EventCountry "IND"]
[EventCategory "2"]
[SourceTitle "CBM 127 Extra"]
[Source "ChessBase"]
[SourceDate "2009.01.08"]
[SourceVersion "2"]
[SourceVersionDate "2009.01.28"]
[SourceQuality "1"]

1. d4 Nf6 2. c4 e6 3. Nc3 Bb4 4. Nf3 c5 5. g3 Nc6 6. Bg2 Ne4 7. Bd2 Bxc3 8. bxc3 0-0 9. 0-0 f5 10. Qc2 d6 11. Bf4 Qe7 12. Nd2 Nxc3 13. Qxc3 cxd4 14. Qa3 e5 15. Bd5+ Kh8 16. e3 exf4 17. exf4 Qc7 18. Nf3 Ne7 19. Nxd4 Nxd5 20. cxd5 Qc5 21. Qxc5 dxc5 22. Ne6 1/2-1/2

[Event "IND-chA (Women) 35th"]
[Site "New Delhi"]
[Date "2008.12.20"]
[Round "3"]
[White "Soumya, Swaminathan"]
[Black "Amrutha, Mokal"]
[Result "1/2-1/2"]
[WhiteElo "2326"]
[BlackElo "2163"]
[PlyCount "73"]
[EventDate "2008.12.18"]
[EventType "tourn"]
[EventRounds "11"]
[EventCountry "IND"]
[EventCategory "2"]
[SourceTitle "CBM 127 Extra"]
[Source "ChessBase"]
[SourceDate "2009.01.08"]
[SourceVersion "2"]
[SourceVersionDate "2009.01.28"]
[SourceQuality "1"]

1. e4 c5 2. Nf3 e6 3. d4 cxd4 4. Nxd4 a6 5. Nc3 b5 6. Bd3 Ne7 7. 0-0 Nbc6 8. Nf3 Ng6 9. Re1 Nge5 10. Nxe5 Nxe5 11. f4 Bc5+ 12. Kh1 Nxd3 13. Qxd3 0-0 14. Be3 Bxe3 15. Rxe3 b4 16. Ne2 d5 17. Rh3 e5 18. Rh5 Bg4 19. Rxe5 dxe4 20. Qxe4 Bxe2 21. Qxe2 Qd4 22. f5 Qxb2 23. Re1 f6 24. Qc4+ Kh8 25. R5e3 h6 26. Re7 Rac8 27. Qe6 Qxc2 28. Qxa6 Ra8 29. Qb7 Rab8 30. Qd7 Rbd8 31. Qe6 Qf2 32. Qe4 Qxa2 33. Qxb4 Qf2 34. Qg4 Rg8 35. Qg6 Rd5 36. Re8 Re5 37. R8xe5 1/2-1/2

[Event "IND-chB (Women) 35th"]
[Site "Calicut"]
[Date "2008.06.14"]
[Round "11"]
[White "Amrutha, Mokal"]
[Black "Preethi, Rajkumar"]
[Result "1-0"]
[WhiteElo "2163"]
[BlackElo "2180"]
[PlyCount "75"]
[EventDate "2008.06.06"]
[EventType "swiss"]
[EventRounds "11"]
[EventCountry "IND"]
[SourceTitle "CBM 124 Extra"]
[Source "ChessBase"]
[SourceDate "2008.07.03"]
[SourceVersion "1"]
[SourceVersionDate "2008.07.03"]
[SourceQuality "1"]

1. e4 c5 2. Nf3 Nc6 3. d4 cxd4 4. Nxd4 Nf6 5. Nc3 e5 6. Ndb5 d6 7. Bg5 a6 8. Na3 b5 9. Bxf6 gxf6 10. Nd5 f5 11. Bd3 Be6 12. 0-0 Bxd5 13. exd5 Ne7 14. c3 Bg7 15. Re1 0-0 16. Nc2 e4 17. Bf1 Re8 18. a4 bxa4 19. Rxa4 a5 20. Ne3 Rb8 21. Ra2 Qd7 22. g3 Rec8 23. Bh3 Bh6 24. Nxf5 Nxf5 25. Qh5 Ng7 26. Qxh6 f5 27. Rxe4 Qf7 28. Rh4 Qxd5 29. Qxh7+ Kf7 30. Bxf5 Rg8 31. Qg6+ Ke7 32. Re4+ Kd8 33. Rxa5 Qd1+ 34. Kg2 Kc7 35. Qf7+ Kc6 36. Qd7+ Kb6 37. Qa7+ Kc6 38. Bd7# 1-0

[Event "Commonwealth-ch"]
[Site "New Delhi"]
[Date "2007.12.08"]
[Round "8"]
[White "Amrutha, Mokal"]
[Black "Lee, Cecil"]
[Result "1-0"]
[WhiteElo "2159"]
[BlackElo "2004"]
[PlyCount "51"]
[EventDate "2007.12.03"]
[EventType "swiss"]
[EventRounds "10"]
[EventCountry "IND"]
[SourceTitle "CBM 121 Extra"]
[Source "ChessBase"]
[SourceDate "2008.01.10"]
[SourceVersion "1"]
[SourceVersionDate "2008.01.10"]
[SourceQuality "1"]

1. e4 c5 2. Nf3 Nc6 3. d4 cxd4 4. Nxd4 g6 5. Nc3 Bg7 6. Nb3 Nf6 7. Be2 0-0 8. 0-0 a5 9. a4 d6 10. Bg5 Be6 11. f4 Rc8 12. Kh1 Nb4 13. Nd2 Ne8 14. f5 Bd7 15. Bc4 Bc6 16. fxg6 hxg6 17. Qg4 Bd7 18. Qh4 Bf6 19. Bxf6 Nxf6 20. Qh6 Rc5 21. Qxg6+ Kh8 22. Bxf7 Rxf7 23. Qxf7 Be8 24. Qf8+ Kh7 25. Rf3 Rh5 26. Rg3 1-0

[Event "Commonwealth-ch"]
[Site "New Delhi"]
[Date "2007.12.05"]
[Round "4"]
[White "Singh, DP."]
[Black "Amrutha, Mokal"]
[Result "1-0"]
[WhiteElo "2371"]
[BlackElo "2159"]
[PlyCount "91"]
[EventDate "2007.12.03"]
[EventType "swiss"]
[EventRounds "10"]
[EventCountry "IND"]
[SourceTitle "CBM 121 Extra"]
[Source "ChessBase"]
[SourceDate "2008.01.10"]
[SourceVersion "1"]
[SourceVersionDate "2008.01.10"]
[SourceQuality "1"]

1. d4 Nf6 2. Nf3 e6 3. e3 b6 4. Bd3 Bb7 5. 0-0 c5 6. b3 Be7 7. Nbd2 0-0 8. Bb2 d6 9. c4 Nbd7 10. Re1 Rc8 11. Rc1 Rc7 12. e4 cxd4 13. Nxd4 Qa8 14. f3 a6 15. Bf1 Rfc8 16. Kh1 h5 17. Nb1 h4 18. Nc3 Nh5 19. Qd2 Rc5 20. Nde2 Rg5 21. Ng1 Rg6 22. Nh3 Ndf6 23. Ne2 Nd7 24. Rcd1 b5 25. cxb5 axb5 26. Nd4 d5 27. Nf5 exf5 28. exf5 Rxg2 29. Bxg2 Bf6 30. Bxf6 Ndxf6 31. Ng5 Rc7 32. Rc1 Rxc1 33. Rxc1 Qb8 34. Qa5 Ne8 35. Qxb5 Nhf6 36. Re1 d4 37. Qc4 Nd6 38. Qxd4 Nxf5 39. Qe5 Qxe5 40. Rxe5 g6 41. Rb5 Bd5 42. Ne4 Bxe4 43. fxe4 Nd4 44. Rb8+ Kg7 45. h3 Nh5 46. a4 1-0